Das Harvard Konzept

Na minha lista:
Detalhes bibliográficos
Autor principal: Becker, Eric
Formato: Capítulo de Livro
Idioma:alemão
Assuntos:
Tags: Adicionar Tag
Sem tags, seja o primeiro a adicionar uma tag!

MARC

LEADER 00000nla$a2200000$$$4500
001 0108754
005 20240502072211.7
041 0 |a ger 
044 |a SK 
245 1 0 |a Das Harvard Konzept  |c Eric Becker 
610 2 0 |a rokovania obchodné 
610 2 0 |a obchod 
610 2 0 |a partneri obchodní 
610 2 0 |a spolupráca podnikov 
610 2 0 |a spolupráca medzinárodná 
610 2 0 |a komunikácia 
610 2 0 |a motivácia 
100 1 |a Becker, Eric